All lyrics to Bad Habits by Ed Sheeran - Statistics

General Stats
  • This quiz has been taken 493 times
  • The average score is 260 of 385
Answer Stats
Lyrics % Correct
a
97%
bad
96%
habits
96%
I
96%
to
95%
you
92%
know
91%
my
89%
My
89%
the
89%
lead
86%
no
84%
be
82%
with
82%
do
80%
go
80%
late
80%
nights
80%
stranger
80%
alone
77%
it
76%
Conversations
74%
barely
73%
but
72%
oh
71%
Oh
71%
can
70%
say
70%
And
69%
and
69%
last
69%
time
69%
nothin'
68%
Nothin'
68%
won't
68%
this
67%
can't
65%
lose
65%
probably
65%
Every
64%
then
64%
got
63%
will
63%
or
62%
control
61%
that
61%
left
60%
come
58%
use
58%
it's
55%
down
54%
around
53%
for
53%
feel
51%
of
50%
space
50%
Swearin'
50%
take
50%
two
50%
let
49%
sun
49%
when
49%
goes
48%
things
48%
paradise
47%
starin'
47%
true
47%
eyes
45%
I'll
45%
too
44%
before
43%
way
42%
We
42%
wide
42%
wonderful
42%
something
41%
all
40%
after
39%
now
39%
One
39%
tonight
39%
world
39%
endin'
37%
happens
37%
at
36%
out
36%
was
36%
Yeah
36%
escape
35%
lookin'
35%
had
34%
three
33%
good
32%
implodes
32%
'round
32%
four
31%
start
31%
how
30%
intention
28%
far
27%
only
27%
lights
26%
over
26%
pure
26%
dark
25%
times
25%
neon
24%
took
23%
long
22%
ends
21%
everything
21%
Fallin'
21%
reach
19%
spark
18%
Started
18%
under
14%
'til
12%
first-time
10%
fun
9%
burned
8%
ran
8%
No matching quizzes found
Score Distribution
Percent of People with Each Score
Percentile by Number Answered
Your Score History
You have not taken this quiz